LEADER 01088nam a2200277 u 4500 001 000000135018 003 CaOOAMICUS 005 20130717142645.0 008 130717s1964 it u000 u ita r 040 $aPUL$bita 041 1 $aita$hfre 100 1 $aTrotsky, Leon,$d1879-1940.$0(OLS)http://pul/name/36871 240 10$aHistoire de la révolution russe.$lItaliano.$0(OLS)http://pul/title/170765 245 10$aStoria della rivoluzione russa /$cLev Trotsky. 260 $aMilano :$bSugar$g1964 300 $aXXXVIII, 1270 p. ;$c21 cm 490 1 $aArgomenti ;$v16 651 4$aRussia$xStoria$yRivoluzione, 1917-1921.$0(OLS)http://pul/subject/16191 830 0$aArgomenti (Sugar Edizioni) ;$v16.$0(OLS)http://pul/title/73543 850 $aPUL 852 $aPUL$W1$xDP1 Fondo E. Rossi$y115$m1 T 45$j155396$qFondi$B154949$CPULBib$Z2$F154949 $82 941 1 $a1 961 $aSul dorso collocazione ms. di E. Rossi: T 25 996 $6245$aStoria della rivoluzione russa$9(OLS)http://pul/title/38328 996 $6260$aMilano :$bSugar$9(OLS)http://pul/publisher/63391 LEADER 01416nam a2200313 a 4500 001 000000137597 003 CaOOAMICUS 005 20140228113249.0 008 140228s2005 it af u000 u ita r 040 $aPUL$bita 245 03$aLa chiesa e la modernità /$ca cura di Elio Guerriero ; introduzione di Giorgio Campanini. 260 $a[S.l.] :$bFamiglia Cristiana ;$aMilano :$bPeriodici San Paolo,$c©2005$g2005 300 $aX, 298 p., XXXII c. di tav. :$bill. ;$c22 cm 490 1 $aGrande biblioteca cristiana 490 1 $aStoria del cristianesimo: 1878-2005 ;$v02 500 $aSuppl. al n. di Famiglia Cristiana. 504 $aBibliografia in nota. 650 4$aCristianesimo$xStoria.$0(OLS)http://pul/subject/269 700 1 $aGuerriero, Elio,$d1948-$0(OLS)http://pul/name/5740 700 1 $aCampanini, Giorgio,$d1930-$0(OLS)http://pul/name/113 830 0$aGrande biblioteca cristiana.$0(OLS)http://pul/title/174211 830 0$aStoria del cristianesimo: 1878-2005 ;$v02.$0(OLS)http://pul/title/174212 850 $aPUL 852 $aPUL$W1$xDP1 Fondo E. Rossi$y115$m7 A 13.2$j158616$qFondi$B158132$CPULBib$Z2$F158132 $82 941 1 $a1 996 $6245$aLa chiesa e la modernità$9(OLS)http://pul/title/174213 996 $6260$a[S.l.] :$bFamiglia Cristiana$9(OLS)http://pul/publisher/82640 996 $6260$aMilano :$bPeriodici San Paolo$9(OLS)http://pul/publisher/81263 LEADER 01837nam a2200325 u 4500 001 000000076819 003 CaOOAMICUS 005 20070226123243.0 008 031222s2003 it u000 u por u 035 $a10980145 040 $aPUL$bita 100 1 $aGomes, Bernardo António.$0(OLS)http://pul/name/51135 245 12$aO conceito da soberania do estado em J. Maritain como instrumento de avaliação ético-política no contexto do bem comum global /$cBernardo António Gomes. 260 $aRomae :$bAcademia Alphonsiana,$c2003. 300 $axi, 143 p. ;$c24 cm 500 $aIn testa al front.: "Pontificia Universitas Lateranensis. Academia Alphonsiana. Institutum Superius Theologiae Moralis". 500 $a"Pars Dissertationis ad Doctoratum in Theologia Morali Consequendum". 504 $a"Bibliografia general": p. [128]-139. 600 14$aMaritain, Jacques,$d1882-1973.$0(OLS)http://pul/subject/551 650 4$aSovranità.$0(OLS)http://pul/subject/18457 650 4$aBene comune.$0(OLS)http://pul/subject/12547 710 2 $aAccademia Alfonsiana. Istituto superiore di Teologia morale.$kTesi.$0(OLS)http://pul/name/81838 850 $aPUL 852 $aPUL$W1$xDP1 Tesi Acc. Alfonsiana$y28$mTH AC.ALF 528$j98668$nBK-PRI$b $qTesi$B98668$CPULBib$Z2$F98668 $HPUL94091 $81 910 $aPontificia Università Lateranense. $bAccademia Alfonsiana$981838 910 $aIstituto superiore di Teologia morale. Accademia Alfonsiana$981838 910 $aAcademia Alfonsiana. Institutum superius theologiae moralis$981838 941 1 $a16 996 $6245$aO conceito da soberania do estado em J. Maritain como instrumento de avaliação ético-política no contexto do bem comum global$9(OLS)http://pul/title/100714 996 $6260$aRomae :$bAcademia Alphonsiana$9(OLS)http://pul/publisher/74830